Normal view
MARC view
Entry Personal Name
001 - CONTROL NUMBER
- control field: 13132
003 - CONTROL NUMBER IDENTIFIER
- control field: BD-RjUL
005 - DATE AND TIME OF LATEST TRANSACTION
- control field: 20240523103802.0
008 - FIXED-LENGTH DATA ELEMENTS
- fixed length control field: 240523|| aca||aabn | a|a d
040 ## - CATALOGING SOURCE
- Original cataloging agency: BD-RjUL
- Transcribing agency: BD-RjUL
100 ## - HEADING--PERSONAL NAME
- Personal name: Islam, M. Saiful, Co-Supervisor
670 ## - SOURCE DATA FOUND
- Source citation: Work cat.: (BD-RjUL)83801: Mustari, Sharmin 13130, Uv Radiation-Induced Changes in the Life-History Traits of the Pulse Beetles (Coleoptera: Bruchidae) /, 2007